Ricostruisci la Carriera del Calciatore - Callum Wilson - Statistics

Statistiche generali
  • Questo quiz è stato fatto 5 volte
  • Il punteggio medio è 3 su 6
Statistiche sulle risposte
Hint Risposta % Corretto
2020- Newcastle Utd
100%
2012-2014 Coventry City
67%
2011 Kettering Town
67%
2014-2020 Bournemouth
33%
2011-2012 Tamworth
33%
2009-2011 Coventry City
0%
Nessun quiz corrispondente trovato
Distribuzione punteggi
Percentuale di utenti per punteggio
Percentile per numero di risposta
I tuoi punteggi nel tempo
Non hai fatto questo quiz